Statistics for Country Names in a 4×4 Grid

Click here to take the quiz!

General Stats

  • This quiz has been taken 1,953 times
    (1,926 since last reset)
  • The average score is 6 of 15

Answer Stats

Answer% Correct
Cuba
90%
Oman
66%
Peru
65%
Chad
63%
Laos
54%
Poland
40%
Palau
39%
Nepal
38%
Samoa
35%
Sudan
29%
Belarus
21%
Honduras
18%
Lebanon
17%
Ecuador
13%
Burma
12%

Score Distribution

Percentile by Number Answered

Percent of People with Each Score

Your Score History

You have not taken this quiz since the last reset